LEADER 00970nam0-22003011i-450- 001 990000153350403321 035 $a000015335 035 $aFED01000015335 035 $a(Aleph)000015335FED01 035 $a000015335 100 $a20011111d--------km-y0itay50------ba 101 0 $aita 105 $ay-------001yy 200 1 $a<>politica russa nella regione mediterranea$erassegna storico-politico-strategica e possibilisviluppi$fMahmut Gareev. 210 $a[Roma]$cRivista marittima$d1997 215 $a59 p.$cill.$d24 cm 300 $aSuppl. a: Rivista marittima, n. 11, novembre 1997 610 0 $aUnione Sovietica$aRapporti con i Paesi mediterranei 676 $a947.084 2 700 1$aGareev,$bMahmut$09453 801 0$aIT$bUNINA$gRICA$2UNIMARC 901 $aBK 912 $a990000153350403321 952 $a13 E 72 42$b9773/4$fFINBC 959 $aFINBC 996 $aPolitica russa nella regione mediterranea$9120254 997 $aUNINA DB $aING01 LEADER 01065nam--2200325---450- 001 990003552710203316 005 20110721092047.0 010 $a978-0-19-957265-6 035 $a000355271 035 $aUSA01000355271 035 $a(ALEPH)000355271USA01 035 $a000355271 100 $a20110721d2009----km-y0itay50------ba 101 $aita 102 $aIT 105 $ay|||||||001yy 200 1 $a<> free movement of capital and foreign direct investment$ethe scope of protection in EU law$fSteffen Hindelang 210 $aOxford$cOxford University Press$d2009 215 $aXLVI, 399 p.$d24 cm 606 0 $aCapitale$xCircolazione internazionale$xLegislazione comunitaria$2BNCF 676 $a343.2403$v22 700 1$aHINDELANG,$bSteffen$0510167 801 0$aIT$bsalbc$gISBD 912 $a990003552710203316 951 $aXXIII.4.K. 289$b71896 G.$cXXIII.4.K.$d00297908 959 $aBK 969 $aGIU 979 $aCHIARA$b90$c20110721$lUSA01$h0920 996 $aFree movement of capital and foreign direct investment$9765386 997 $aUNISA